| 000 | 00826nam a2200253 a 4500 | ||
|---|---|---|---|
| 001 | 000019828 | ||
| 003 | DO-SdBNP | ||
| 005 | 20230815134309.0 | ||
| 008 | 100707s1993 xx r 000 0 spa d | ||
| 020 | _a1883395011 | ||
| 040 |
_aDO-SdBNP _bpsa _cBPMSU |
||
| 082 |
_a299 _bL697u 1993 _222 |
||
| 245 | 0 | 3 | _aEl libro de urantia |
| 250 | _a | ||
| 260 |
_achicago Illinois : _bUrantia Foundation _c1993. |
||
| 300 |
_alxvi, 2097 p. ; _c21 cm. |
||
| 504 | _aIncluye referencias bibliográficas y notas al pie de las páginas. | ||
| 505 | 0 | _aEl universo central y los superuniversos ; El universo local ; La historia de Urantia ; La vida y las enseñanzas de Jesús. | |
| 590 | _6Inventariado, 2023/VM | ||
| 650 | 4 | _aCosmogonía | |
| 650 | 4 | _aReligiones universales | |
| 910 | _aVMateo V. Control de calidad | ||
| 942 |
_2ddc _cBK |
||
| 999 |
_c14464 _d14464 |
||